00421nam a22001217a 4500020001600000082000800016100001600024245012900040260003700169300002800206650003800234700002700272 qHard Cover. a660 aKhan, Awais a Influence of Plasticizers on Mechanical and Thermal Properties of Methyl Cellulose based Biodegradable Films /cAwais Khan. aIslamabad :bSCME - NUST,c2016. ax, 64 p. ill. : c30cm. aChemical Engineering - MS Thesis. aDr. Salman Raza Naqvi.